|
|
|
|
| LEADER |
00000cam a2200000 i 4500 |
| 001 |
1/24399 |
| 008 |
060215s2005 gw | ||| |||| ||eng|| |
| 020 |
|
|
|a 3822863254
|
| 035 |
|
|
|l 10082662
|
| 040 |
|
|
|a GR-MyUa
|b gre
|e AACR2
|
| 041 |
1 |
|
|a eng
|h ger
|
| 082 |
7 |
|
|a 700.92
|2 (22)
|
| 100 |
1 |
|
|a Bockemühl, Michael.
|
| 245 |
1 |
0 |
|a J.M.W. Turner, 1775-1851 :
|b the world of light and colour /
|c Michael Bockemühl.
|
| 246 |
1 |
|
|i Τίτλος εξωφύλλου:
|a Turner
|
| 260 |
|
|
|a Köln :
|b Taschen,
|c c2005.
|
| 300 |
|
|
|a 96 σ. :
|b εικ. ;
|c 23 εκ.
|
| 600 |
1 |
0 |
|a Turner, J. M. W.
|q (Joseph Mallord William),
|d 1775-1851
|x Criticism and interpretation.
|
| 650 |
|
0 |
|a Color in art.
|
| 852 |
|
|
|a INST
|b SYROS
|e 20060215
|h 700.92 TUR
|p 005500004969
|q 005500004969
|t BK
|y 0
|
| 901 |
|
|
|a BIBL5-2006-1
|
| 922 |
|
|
|a 5ΕΛΗ
|b 200511
|c Βιβλιοθήκη Σύρου
|d Σελεφαΐς
|
| 970 |
|
|
|a Τσουκαλά
|b Αλίκη
|z 15/02/2006
|